The blind spot in American public education /

Bibliographic Details
Main Author: Hay, Clyde Lemont, 1874-
Format: Book
Language:English
Published: New York : Macmillan, 1950.
Subjects:

MARC

Tag First Indicator Second Indicator Subfields
LEADER 00000cam a2200000 4500
001 in00000080624
005 20151008052949.0
008 711229s1950 nyu 00000 eng u
010 |a  50009702  
035 |a (OCoLC)00188436 
035 |9 AAH5647AM 
040 |c WSU  |d TXA  |d UtOrBLW 
049 |a TXAM  |c [184545] 
050 0 |a LC405  |b .H35 
092 |a 377.1  |b H412b 
100 1 |a Hay, Clyde Lemont,  |d 1874- 
245 1 4 |a The blind spot in American public education /  |c with introd. by Herbert B. Mulford. 
264 1 |a New York :  |b Macmillan,  |c 1950. 
300 |a 110 pages 
336 |a text  |b txt  |2 rdacontent 
337 |a unmediated  |b n  |2 rdamedia 
338 |a volume  |b nc  |2 rdacarrier 
650 0 |a Religious education  |z United States. 
999 |a MARS 
999 f f |s d356d804-4776-36b3-aba1-d8d48dc80a70  |i 49ef8923-0533-374d-8dbb-9af77f4cbd00  |t 0 
952 f f |p normal  |a Texas A&M University  |b College Station  |c Sterling C. Evans Library  |d Evans: Library Stacks  |t 0  |e LC405 .H35  |h Library of Congress classification  |i unmediated -- volume  |m A14800859676 
998 f f |a LC405 .H35  |t 0  |l Evans: Library Stacks